Flauij Josephi vom krieg der Juden/ vnd der Zerstỏrung Hierusalem syben bủcher / nach den Griechischen Exemplaren restituiert/ vnd gebessert Sampt einer Vorred/ in welcher die Histori diser bủcher auffs kurtzest/ verstảndig vnd hell begriffen ist/ vnd Teütsch landt ab frembden schaden gewarnt wirt

Bibliographic Details
Main Author: Josephus Flavius, asi 37-asi 100 (Author)
Corporate Author: Beck, Balthasar (Štrasburg, Francúzsko) (Printer)
Other Authors: Hedio, Kaspar, 1494-1552 (Dedicator), Beck, Balthasar, zomrel 1551 (Printer)
Format: Book
Language:German
Greek, Ancient (to 1453)
PhysicalDescription:12 nečíslovaných listov, CLXXXIII listov, 8 nečíslovaných listov 2°
Subjects:

MARC

LEADER 00000nam a2200000 4500
001 vtls012148774
003 SK-MaSNL
005 20260301060000.0
008 220913s1544 fr f 01100 ger
015 |a SNBHFA 
040 |a SNKHF  |b slo  |c SNKHF  |e rda 
041 1 |a ger  |h grc 
043 |a a-is--- 
044 |a fr  |c FR 
072 7 |a 821  |x Literatúry v rôznych jazykoch  |2 konspekt 
080 |a (093.3)  |2 2011 
080 |a (=411.16  |2 2011 
080 |a 355.426  |2 2011 
080 |a (394.5)  |2 2011 
100 0 |a Josephus Flavius,  |d asi 37-asi 100  |4 aut  |9 128523 
245 1 0 |a Flauij Josephi vom krieg der Juden/ vnd der Zerstỏrung Hierusalem syben bủcher / nach den Griechischen Exemplaren restituiert/ vnd gebessert  |b Sampt einer Vorred/ in welcher die Histori diser bủcher auffs kurtzest/ verstảndig vnd hell begriffen ist/ vnd Teütsch landt ab frembden schaden gewarnt wirt 
264 3 |a Gedruckt zu Straszburg  |b bey Balthasar Beck  |c MDXLIIII (1544) 
300 |a 12 nečíslovaných listov, CLXXXIII listov, 8 nečíslovaných listov  |c 2° 
336 |a text  |b txt  |2 rdacontent 
337 |a bez média  |b n  |2 rdamedia 
338 |a zväzok  |b nc  |2 rdacarrier 
500 |a Iniciálky s ornamentálnym pozadím vo voľnom priestore na 3, 5, 6 a 10 riadkov 
501 |a Príväzok 1. k: JOSEPHUS FLAVIUS. Flauij Josephi vom krieg der Juden. Gedruckt zu Straszburg: bey Balthasar Beck, 1544.  |5 SNK IB 28864/1-2 
504 |a Marginálie, kustody 
508 |a Dedikácia: Hedio, Kaspar; Štrasburg - rada mesta 
510 4 |a VD 16  |c J/972 
546 |a Nemčina  |b Fraktúra 
550 |a Tlačiar doplnený z kolofónu 
562 |a Defekt: chýba koniec (register).  |5 SNK IB 28864/1-2/prív.1 
650 0 7 |a kroniky  |2 SNKPH  |9 29539 
650 0 7 |a dejiny  |2 SNKPH  |9 3825 
650 0 7 |a Židia  |2 SNKPH  |9 3760 
651 7 |a Palestína  |2 SNKPH  |9 68544 
700 1 |a Maffei, Raffaelo,  |d 1451-1522  |4 oth  |9 180615 
700 1 |a Hedio, Kaspar,  |d 1494-1552  |4 dto  |9 128154 
700 1 |a Beck, Balthasar,  |d zomrel 1551  |4 prt  |9 126608 
700 1 |a Volz, Paul,  |d 1480-1544  |4 oth  |9 341831 
710 0 |a Rada mesta (Štrasburg, Francúzsko)  |4 hnr  |9 370096 
710 0 |a Beck, Balthasar (Štrasburg, Francúzsko),  |d 1527-1551  |4 prt  |9 188650 
752 |a Francúzsko  |d Štrasburg 
852 |a snk  |p IB 28864/1-2/prív.1 
958 |a DA 
958 |a ONDV 
999 |c 614642  |d 616572 
952 |t Tlače 16. storočia  |a SNK  |b SNK  |c SNK_HF  |y PREZ  |7 0  |p 17A1399791  |o snkIB 28864/1-2/prív.1  |i snkF 538/73  |z 1. príväzok  |0 0  |1 0  |4 0  |d 2022-09-13  |l 0  |r 2026-02-23 16:34:55  |w 2026-02-23